| 000 | 00931 a2200229 4500 | ||
|---|---|---|---|
| 003 | Nust | ||
| 005 | 20220719184311.0 | ||
| 010 | _a 84081983 | ||
| 020 | _a pbk.) | ||
| 040 | _cNust | ||
| 082 | 0 | 0 | _a001.51,DEN |
| 100 | 1 |
_aDennis ,DeFleur, Melvin L. _993900 |
|
| 245 | 1 | 0 |
_aUnderstanding mass communication / _cMelvin L. DeFleur, Everette E. Dennis ; with the assistance of Margaret S. Hanus. |
| 250 | _a4th ed. | ||
| 260 |
_aBoston : _bHoughton Mifflin Co., _cc1985. |
||
| 300 |
_axiii, 637 p. : _bill. ; _c24 cm. |
||
| 505 | _aPART-1: The Development of Mass Communication (Page-1), PART-2: The Media in Contemporary Society (Page-227), PART-3: Media-Related Industries (Page-321), PART-4: Personal and Social Consequences of mass Communication (Page-479). | ||
| 650 | 0 |
_aMass media _zUnited States. _993901 |
|
| 700 | 1 |
_aDennis, Everette E. _993902 |
|
| 700 | 1 |
_aHanus, Margaret S. _993903 |
|
| 942 |
_2ddc _cBK _k001.51,DEN |
||
| 999 |
_c176764 _d176764 |
||